| 000 | 01675cad a2200265 4500 | ||
|---|---|---|---|
| 001 | L158615 | ||
| 008 | 110215n2013 000 0 eng u | ||
| 020 | _a9781783210305 | ||
| 035 | _a(Sirsi) u158615 | ||
| 041 | _aeng | ||
| 100 | 1 | _aClark, Caitlin | |
| 111 | 2 |
_aConstruction and Building Research Conference _cIIT Delhi, New Delhi _d10-12 September 2013 |
|
| 245 | 0 | 2 |
_aA proposal for using shipping containers as student housing at U.S. university _h[electronic resource] |
| 260 |
_aLondon _bRICS _c2013 |
||
| 490 | 0 |
_aCOBRA _v2013 |
|
| 520 | _aA paper presented at the COBRA Conference in New Delhi on 10-12 September 2013. Looks at how universities, architects and builders can house large numbers of students on smaller building footprints, referencing projects in France and the Netherlands. The objective of this paper is to offer an alternative to the student housing industry with the concept of using prefabricated shipping containers as an economic and viable choice for temporary or permanent student housing on- and off-campus. This paper represents how universities, architects and builders can house large numbers of students on smaller building footprints while still providing all the amenities that students of today expect. The sustainable benefit, cost effectiveness and structural integrity of the facilities are presented for this alternative student housing proposal. | ||
| 650 | 2 | 4 | _aSTUDENT HOUSING |
| 650 | 2 | 4 | _aTEMPORARY HOUSING |
| 650 | 2 | 4 | _aPREFABRICATED HOUSING |
| 650 | 2 | 4 | _aCONSTRUCTION AND BUILDING RESEARCH CONFERENCE (COBRA) |
| 651 | 4 | _aEurope | |
| 690 |
_aSustainability _96271 |
||
| 700 | 1 | _aSattineni, Anoop | |
| 942 | _n0 | ||
| 999 |
_c115417 _d115417 |
||